000 01000nam0a22002531 4500
001 rc\2816829
005 20250806211258.0
035 _a(NLR Aleph) 006942542
090 _a39046
_c39046
100 _a20110915d1945 u y0rusy50 ca
101 0 _arus
102 _aRU
105 _ay z |||||
200 1 _aСборник технологических инструкций и рецептур для районной промышленности НКПП РСФСР
_fНар. ком. пищевой пром-сти РСФСР
210 _aМосква
_cПищепромиздат
_d1945
_gтип. "Гудок"
215 _a144 с.
_d21 см.
710 0 1 _aРСФСР
_bНародный комиссариат пищевой промышленности
_3RU\NLR\AUTH\8810086733
801 0 _aRU
_bNLR
_gpsbo
801 1 _aRU
_bELAR
_2rusmarc
852 _aNLR
_jТ66 Г-3/27
942 _cBOOK
945 _aРоссийская национальная библиотека
980 _aNB
980 _aBV